000 00206 a2200109 4500
020 _a9780439226493
041 _aspa
100 _aLulu Delacre
245 _aCuentos con sazon
942 _cBK
952 _71
999 _c24910
_d24910